Енциклопедія трипільської цивілізації: в двох томах (Запис № 327893)
[ простий вигляд ]
| 000 -Лідер | |
|---|---|
| fixed length control field | 00747nam a22002417a 4500 |
| 001 - Контрольний номер | |
| control field | 41774 |
| 003 - Ідентифікатор контрольного номера | |
| control field | UA-OsUOA |
| 005 - Дата та час останнього входження (трансакції) | |
| control field | 20210819100351.0 |
| 007 - Фіксоване поле фізичного опису | |
| fixed length control field | ta |
| 008 - Елементи даних фіксованої довжини – загальна інформація | |
| fixed length control field | 20061012b un ||||| |||| 00| 0 ukr d |
| 020 ## - Міжнародний стандартний книжковий номер (ISBN) | |
| Міжнародний стандартний книжковий номер (ISBN) (НП) | 9668703006 |
| 040 ## - Джерело каталогізації | |
| Агенція оригінальної каталогізації | UA-OsUOA |
| Мова каталогізації | ukr |
| Агенція, яка здійснювала перезапис | UA-OsUOA |
| Агенція, яка здійснювала модифікацію | UA-OsUOA |
| 041 ## - Код мови | |
| Код мови тексту/ звукової доріжки чи окремого заголовка (П) | ukr |
| 080 ## - Індекс Універсальної десяткової класифікації | |
| Індекс Універсальної десяткової класифікації (УДК) (НП) | (031)930.85 |
| 090 ## - Локальний шифр розміщення | |
| Класифікаційний індекс УДК | (031)930.85 |
| Авторський знак (НП) | Е61 |
| 245 ## - Відомості про назву | |
| Назва (НП) | Енциклопедія трипільської цивілізації: в двох томах |
| Дані про відповідальність (НП) | Л. М. Новохатько, М. І. Сенченко, Т. І. Іжевська |
| 260 ## - Публікація, розповсюдження і т.п. (Вихідні дані) | |
| Місце публікації, розповсюдження і т.п. (П) | К. |
| Ім’я/ наймення видавництва, розповсюджувача і т.п. (П) | Укрполіграфмедіа |
| Дата публікації, розповсюдження і т.п. (П) | 2004 |
| 300 ## - Фізичний опис | |
| Обсяг | 710 с. |
| 505 ## - Форматована примітка про зміст | |
| Змішана інформація | Т.2 |
| 650 #7 - Додаткове предметне введення – тематичний термін | |
| Тематичний термін чи географічна назва, як елемент введення (НП) | 0 Загальний відділ. |
| Джерело заголовка чи терміна | UDC |
| 942 ## - Додаткові елементи входу (Коха) | |
| Тип елемента Koha | Книги |
| Source of classification or shelving scheme | Universal Decimal Classification |
| 955 ## - Код типу видання за змістом | |
| Код типу видання за змістом (НП) | Довідкові видання |
| Стан вилучень | Стан втрат | Джерело класифікації або схеми стелажів | Стан уражень | Не для кредиту | Постійне місце розташування | Поточне розміщення | Дата придбання | Джерело придбання | Вартість, звичайна ціна покупки | Інвентарний номер | Усього замовленно | Повний номер виклику | Штрих-код | Дата останнього перегляду | Ціна ефективна від | Тип елемента Koha |
|---|---|---|---|---|---|---|---|---|---|---|---|---|---|---|---|---|
| Universal Decimal Classification | ЧЗ - Читальна зала | ЧЗ - Читальна зала | 06/04/2016 | 14/2016 | 80.00 | 150897 | (031)930.85 Е61 | 150897 | 07/02/2022 | 12/10/2006 | Книги | |||||
| Universal Decimal Classification | ЧЗ - Читальна зала | ЧЗ - Читальна зала | 12/10/2006 | 102/2006 | 80.00 | 99343 | (031)930.85 Е61 | 99343 | 07/02/2022 | 12/10/2006 | Книги |